00618nam a2200193 a 450000500170000000800410001704000270005804100080008504400070009308200170010011000720011724501070018926000260029630000440032265000140036665000140038065000110039465000190040520200104041543.0140312t2003 CK d gr|||| 00| 0 spa d aCO-BoIAVH cCO-BoIAVH  aspa ack04a551.46bP96p2 aColombiabMinisterio de Ambiente, Vivienda y Desarrollo Territorial1 aPronóstico de pleamares y bajamares en la Costa Pacífica colombiana 2004bservicios mareográfico aBogotábIDEAMc2003 a120 paginas. :bgraficos. ;c23 x 17 cm04aPleamares04aBajamares04aMareas04aClimatología